000 00454nam a2200133Ia 4500
008 260210s9999 xx 000 0 und d
024 _a12B-51-EL, 12B-56-EL & 12B-75-EL
082 _a629.270218072 REH
100 _aRehan Sattar Arain, Hasham Lashari & Muhammad Shoaib Kamal
245 0 _aAuto Car Parking System Based on FPGA
260 _aKarachi:
_bUITU,
_c2012
600 _aElectrical Engineering
650 _aBachelor of Engineering (BE)
999 _c33187
_d33187